UBT Library

Debt and the environment : (Record no. 267)

000 -LEADER
fixed length control field 00776nam a2200241 a 4500
005 - DATE AND TIME OF LATEST TRANSACTION
control field 20131111101242.0
008 - FIXED-LENGTH DATA ELEMENTS--GENERAL INFORMATION
fixed length control field 921030s1991 nyua b i001 0 eng
020 ## - INTERNATIONAL STANDARD BOOK NUMBER
International Standard Book Number 9211004578
041 0# - LANGUAGE CODE
Language code of text/sound track or separate title eng
080 ## - UNIVERSAL DECIMAL CLASSIFICATION NUMBER
Universal Decimal Classification number 336.33
100 1# - Rafti
Rafti Miller, Morris,
100 1# - Rafti
-- 1924-
245 10 - TITLE STATEMENT
Title Debt and the environment :
Statement of responsibility, etc Morris Miller.
260 ## -
-- New York :
-- United Nations Publications,
-- c1991.
300 ## -
-- 347 p. :
-- ill. ;
-- 23 cm.
500 ## -
-- Preface : f. [IX] - [XI]
500 ## -
-- "Sales no. E.91.I.17"--T.p. verso.
504 ## - BIBLIOGRAPHY, ETC. NOTE
Bibliography, etc Includes bibliographical references (p. 245-273) and index.
650 #0 -
-- Borgjet
650 #0 -
-- Marrëdhëniet ndërkombëtare ekonomike
650 #0 -
-- Politika e mjedisit
650 #0 -
-- Mbrojtja e mjedisit
942 ## - ADDED ENTRY ELEMENTS (KOHA)
Source of classification or shelving scheme
Item type Books
Holdings
Withdrawn status Lost status Source of classification or shelving scheme Damaged status Not for loan Collection code Permanent location Current location Shelving location Date acquired Total Checkouts Full call number Barcode Date last seen Price effective from Koha item type
          Koleksioni i përgjithshem UBT - Prishtine UBT - Prishtine Koleksioni i përgjithshem 11/11/2013   336.33 MILL 001-000316 11/11/2013 11/11/2013 Books
UBT Library © 2015-2024. All rights reserved University Education for Business and Technology